00509nam a2200145Ia 4500003000400000008004100004040001600045082001800061100002400079245014300103260003900246300001000285650003900295650002900334GCL140319s9999 xx 000 0 eng d aGCL / cGCL04a320.9611bL E1 aLARIF, BEATRIX ASMA10aEDIFICATION E TATIQUE ET ENVIRONENET CULTURAL LE PERSONNEL POLITICO - ADMINISTRATIF DANS LA TUNISIE CONTMEPORARINE / cLARIF, BEATRIX ASMA a[S.N] : bPUBLISUD.O.P.U ، c1988 a319 P04aTUNISIA - POLITICAL AND GOVERNMENT04aTUNISIA - ADMINISTRATION